Konflikty a stratégie riešenia konfliktov
Konflikty ako súčasť každodenného života - rodinného, pracovného aj spoločenského. Sú prirodzeným prejavom nezhôd, výmeny názorov, nesúladu medzi požiadavkami jednotlivcov a skupín. Konflikty narúšajú rovnováhu života, vyvolávajú stres a úzkosť. Konflikty však majú aj pozitívny dopad - dávajú prílež...
Saved in:
| Main Author: | |
|---|---|
| Other Authors: | |
| Format: | Book Chapter |
| Language: | Slovak |
| Subjects: | |
| Tags: |
No Tags, Be the first to tag this record!
|
MARC
| LEADER | 00000nla a2200000 4500 | ||
|---|---|---|---|
| 001 | 0246097 | ||
| 005 | 20240417075141.2 | ||
| 041 | 0 | |a slo | |
| 044 | |a SK | ||
| 245 | 1 | 0 | |a Konflikty a stratégie riešenia konfliktov |c Denisa Rovenská, Eliška Župová |
| 520 | |a Konflikty ako súčasť každodenného života - rodinného, pracovného aj spoločenského. Sú prirodzeným prejavom nezhôd, výmeny názorov, nesúladu medzi požiadavkami jednotlivcov a skupín. Konflikty narúšajú rovnováhu života, vyvolávajú stres a úzkosť. Konflikty však majú aj pozitívny dopad - dávajú príležitosť novým a tvorivým prístupom riešenia problémov. Pozitívna funkcia konfliktu spočíva napr. v uvoľňovaní negatívneho napätia, vyhodnocuje vzťahy medzi ľuďmi alebo zvyšuje záujem o riešenie problémov. Základný problém však nie je v existencii konfliktu, možno ani v ich predchádzaní, ale predovšetkým v spôsobe ich riešenia. To, ako sa konflikt bude vyvíjať, a či sa nakoniec vyrieši závisí od toho, do akej miery má zúčastnená strana záujem získať dosiahnutie svojho riešenia a do akej má záujem pomôcť druhej strane dosiahnuť ciele. | ||
| 610 | 2 | 0 | |a konflikty |
| 610 | 2 | 0 | |a komunikácia interkultúrna |
| 610 | 2 | 0 | |a komunikácia sociálna |
| 610 | 2 | 0 | |a psychológia |
| 610 | 2 | 0 | |a vzťahy medziľudské |
| 100 | 1 | |a Rovenská, Denisa | |
| 700 | 1 | |a Župová, Eliška | |